<?xml version="1.0" encoding="UTF-8"?>
<collection xmlns="http://www.loc.gov/MARC21/slim">
 <record>
  <leader>01064nam a22002295a 4500</leader>
  <controlfield tag="001">CEM.cems017277</controlfield>
  <controlfield tag="005">20090915112207.0</controlfield>
  <controlfield tag="008">130507s2004##################000#0#####d</controlfield>
  <controlfield tag="003">CEMS</controlfield>
  <datafield tag="082" ind1="0" ind2="4">
   <subfield code="a">633.2</subfield>
  </datafield>
  <datafield tag="100" ind1="1" ind2=" ">
   <subfield code="a">Ruiz, M. de los A.</subfield>
  </datafield>
  <datafield tag="245" ind1="1" ind2="0">
   <subfield code="a">Producción y calidad de forraje de  gramíneas perennes en diferentes ambientes del caldenal /</subfield>
   <subfield code="c">M. de Los A. Ruiz, E. O. Adema, T. Rucci y F. J. Babinec</subfield>
  </datafield>
  <datafield tag="260" ind1=" " ind2=" ">
   <subfield code="a">Buenos Aires :</subfield>
   <subfield code="b">Inta,</subfield>
   <subfield code="c">2004</subfield>
  </datafield>
  <datafield tag="300" ind1=" " ind2=" ">
   <subfield code="a">35 p.</subfield>
  </datafield>
  <datafield tag="505" ind1="0" ind2=" ">
   <subfield code="a">Características de la región del Caldenal -- Gramíneas de invierno en diferentes ambientes del Caldenal pampeano. Temporadas 2001-2003 -- Gramíneas de verano en diferentes ambientes del Caldenal pampeano. Temporadas 2001-2003 -- Gramíneas de v erano en Chacharramendi. Temporadas 1998-2002</subfield>
  </datafield>
  <datafield tag="653" ind1=" " ind2=" ">
   <subfield code="a">Forrajes</subfield>
  </datafield>
  <datafield tag="653" ind1=" " ind2=" ">
   <subfield code="a">Forrajes-producción y calidad</subfield>
  </datafield>
  <datafield tag="700" ind1="1" ind2=" ">
   <subfield code="a">Adema, E. O.</subfield>
  </datafield>
  <datafield tag="700" ind1="1" ind2=" ">
   <subfield code="a">Rucci, T.</subfield>
  </datafield>
  <datafield tag="700" ind1="1" ind2=" ">
   <subfield code="a">Babinec, F. J.</subfield>
  </datafield>
  <datafield tag="859" ind1=" " ind2=" ">
   <subfield code="a">CEMS</subfield>
   <subfield code="b">BIB. CEMS - Agricultura</subfield>
   <subfield code="h">633.2</subfield>
   <subfield code="i">R859</subfield>
   <subfield code="p">A1091.09</subfield>
   <subfield code="t">Ej.1</subfield>
  </datafield>
  <datafield tag="859" ind1=" " ind2=" ">
   <subfield code="a">CEMS</subfield>
   <subfield code="b">BIB. CEMS - Agricultura</subfield>
   <subfield code="h">633.2</subfield>
   <subfield code="i">R859</subfield>
   <subfield code="p">A1092.09</subfield>
   <subfield code="t">Ej.2</subfield>
  </datafield>
 </record>
</collection>
